000 00568nam a2200181Ia 4500
003 LDD
008 190327s9999 xx 000 0 und d
020 _c7500
040 _cLDD
082 _a8H1.71 भा3202आ
100 _aभाटिया, प्रेम
245 0 _aआईना-ए-हक़ीक़त
260 _aनई दिल्ली
_bविश्व भारती योग संस्थान
_c2000
300 _a112p.
500 _aGifted by : आचार्या बी एन कॉल
942 _2ddc
_cBK
949 _aG016250
999 _c193351
_d193351